Szczegóły MARC21

Szczecin Pomorzany = Pommerensdorf /

003 -Nazwa inst., której nr kontr. jest w polu 001 [,]
    • @
    • Nazwa instytucji, której n kontrolny jest w polu 001
    • NUKAT
005 -DATA I CZAS OSTATNIEJ MODYFIKACJI [,]
    • @
    • pole kontrolne
    • 20241231095514.0
020 -Międzynarod. znormalizowany nr książki - ISBN [ , ]
    • a
    • Numer ISBN
    • 9788375181920 Find
040 -Instytucja sporządzająca opis [ , ]
    • a
    • Instytucja, która sporządziła opis (NP)
    • SZCZ M/MH
    • c
    • Instytucja, która sporządziła rekord (NP)
    • SZCZ M/MH
    • d
    • Instytucja, która zmodyfikowała rekord (P)
    • WA M/ES
    • d
    • Instytucja, która zmodyfikowała rekord (P)
    • KR U/BUs
041 -Język dokumentu [1, ]
    • a
    • Język tekstu (P)
    • polski
    • a
    • Język tekstu (P)
    • niemiecki
    • h
    • Język tekstu oryginalnego i/lub pośredniego (P)
    • polski
942 -Rodzaj dokumentu [ , ]
    • c
    • Rodzaj dokumentu
    • Książka
100 -Hasło główne - nazwa osobowa [1, ]
    • a
    • Nazwa osobowa (NP)
    • Łuczak, Marek
    • d
    • Daty biograficzne (NP)
    • (1978- ).
    • 9
    • KHW
    • 19432
245 -Strefa tytułu i oznaczenia odpowiedzialności [1,0]
    • a
    • Tytuł
    • Szczecin Pomorzany = Find
    • b
    • Ciąg dalszy tytułu (NP)
    • Pommerensdorf / Find
    • c
    • Pozostałe elementy strefy tytułu i oznaczenia odpowiedzialności (NP)
    • Marek Łuczak ; [tł. Magdalena Pałys].
246 -Wariant tytułu [3,1]
    • a
    • Tytuł (NP)
    • Pommerensdorf
260 -Strefa adresu wydawniczego [ , ]
    • a
    • Miejsce wydania (P)
    • Szczecin :
    • b
    • Nazwa wydawcy (P)
    • Pomorskie Towarzystwo Historyczne :
    • b
    • Nazwa wydawcy (P)
    • Zapol,
    • c
    • Data wydania (P)
    • 2010.
300 -Strefa opisu fizycznego [ , ]
    • a
    • Określenie formy książki i/lub objętość (NP)
    • 192 s. :
    • b
    • Oznaczenie ilustracji (NP)
    • il. ;
    • c
    • Format (NP)
    • 23 cm.
336 -Typ zawartości [ , ]
    • a
    • Termin opisujący typ zawartości
    • Tekst
    • b
    • Kod określający zawartość
    • txt
    • 2
    • Źródło (terminu i kodu)
    • rdacontent
337 -Typ mediów [ , ]
    • a
    • Tryb odtwarzania
    • Bez urządzenia pośredniczącego
    • b
    • Kod typu mediów
    • n
    • 2
    • Źródło (terminu i kodu)
    • rdamedia
338 -Typ/rodzaj nośnika [ , ]
    • a
    • Hasło opisujące typ nośnika
    • Wolumin
    • b
    • Kod typu nośnika
    • nc
    • 2
    • Źródło (terminu i kodu)
    • rdacarrier
380 -Deskryptor - Forma dzieła (P) [ , ]
    • a
    • forma dzieła (NP)
    • Książki
504 -Uwaga dot. bibliogr. załącznikowej [ , ]
    • a
    • Uwaga dot. bibliografii załącznikowej
    • Bibliogr. s. 192. Indeks.
546 -Uwaga dot. języka [ , ]
    • a
    • Uwaga dot. języka
    • Tekst równol. pol., niem.
080 -Uniwersalna Klasyfikacja Dziesiętna [ , ]
    • 2
    • Identyfikator wydania tablic
    • UDC-P058
    • 9
    • UKD
    • 7007
    • a
    • Symbol klasyfikacji
    • 94(438)A/Z
    • b
    • Dopowiedzenie
    • Historia Polski. Historia regionów i miejscowości.
    • 4
    • UKD2
    • 7660
    • x
    • Poddział wspólny
    • =162.1
    • c
    • Dopowiedzenie poddz. wspólnego
    • =Język polski.
    • 4
    • UKD2
    • 7631
    • x
    • Poddział wspólny
    • =112.2
    • c
    • Dopowiedzenie poddz. wspólnego
    • =Język niemiecki (wysokoniemiecki, standardowy niemiecki).
651 -Hasło przedmiotowe w formie nazwy geograficznej [ ,7]
    • a
    • Nazwa geograficzna
    • Pomorzany (Szczecin ; część miasta)
    • 2
    • Źródło terminu
    • DBN
    • 9
    • KHW
    • 734492
651 -Hasło przedmiotowe w formie nazwy geograficznej [ ,7]
    • a
    • Nazwa geograficzna
    • Pomorzany (Szczecin, Polska ; dzielnica).
    • 2
    • Źródło terminu
    • kaba
    • 9
    • KHW
    • 202768
658 -Ujęcie treści [ , ]
    • a
    • dziedzina nauki i sztuki/ sfera aktywności życiowej
    • Historia
980 -Symbol UKD [ , ]
    • a
    • UKD
    • 94(438)Szczecin=162.1=112.2
700 -Hasło dodatkowe - nazwa osobowa [1, ]
    • a
    • Nazwa osobowa (NP)
    • Pałys, Magdalena. Find
    • e
    • Określenie rodzaju współpracy
    • Tł.
    • 9
    • KHW
    • 19437
710 -Hasło dodatkowe - nazwa ciała zbiorowego [2, ]
    • a
    • Nazwa ciała zbiorowego lub nazwa geograficzna jako pierwszy element (NP)
    • Przedsiębiorstwo Produkcyjno-Handlowe ZAPOL Dmochowski, Sobczyk.
    • 4
    • Kod relacji
    • pbl
    • 9
    • KHW
    • 54289
920 -ISBN [ , ]
    • a
    • ISBN
    • 978-83-751819-2-0 Find
Numer inwentarzowy Status udost. Lokalizacja Data inwentaryzacji Sygnatura
Z.1146461BG2010-11-05$2000301146467